El concepto de valor intrínseco

Uloženo v:
Podrobná bibliografie
Hlavní autor: Moore, George Edward (autor)
Médium: Kniha
Jazyk:španělština
Vydáno: Madrid Universidad Complutense 1993
Edice:Colección Excerpta Philosophica, 7
Témata:
Tagy: Přidat tag
Žádné tagy, Buďte první, kdo vytvoří štítek k tomuto záznamu!

MARC

LEADER 00000nam a2200000 a 4500
001 UCP2525
003 CL-VaPUC
008 990520e19930000SP |||||||||||||||||spa|d
082 0 4 |a 121.8  |b MOO  |2 21 
100 |a Moore, George Edward  |e autor  |9 867121 
245 1 3 |a El concepto de valor intrínseco 
300 |a 36 p 
942 |c BK 
945 |d 19990520 00:00:00  |a rbrito 
260 |a Madrid  |b Universidad Complutense  |c 1993 
650 0 |a Axiología  |9 334895 
650 0 |a Valores éticos   |9 416142 
583 |a last modification  |c 19990520 00:00:00  |k Rodrigo Vera 
490 0 |a Colección Excerpta Philosophica, 7 
999 |c 281045  |d 281043 
952 |0 0  |1 0  |4 0  |6 121_800000000000000_MOO_1993  |7 0  |8 A  |9 321657  |a BIBEDU  |b BIBEDU  |d 2019-11-20  |i 3509974  |o 121.8 MOO 1993  |p 3509974  |r 2019-11-20  |w 2019-11-20  |y BK  |k FIL